=LDR 00000nam 2200000 4500 =001 INLIS000000000011241 =005 20130612102826 =008 ***********************************Ind** =035 ##$$0010-061300000011241 =041 ##$$a Ind =082 ##$$a 330.959 =090 ##$$a 330.959, Kun k =100 ##$$a Kunio, Yoshihara =245 ##$$a Kapitalisme semua Asia Tenggara, Yoshihara Kunio Penerjemah A.Setiawan Abadi =260 ##$$a 1990 $b Jakarta =300 ##$$a 367 hlm., 21 cm =700 ##$$a Abadi, A. Setiawan =850 ##$$a NBPNMAT